Personnage One Piece (mort subit) - Statistiques

Statistiques générales
  • Ce quiz a été pris 54 fois
  • Le résultat moyen est 6 sur 15
Answers on the Grid
Answers color-coded by a green-red scale on the quiz's grid according to % correct below.
nami
luffy
zorro
boruto
sanji
san goku
baggy
shanks
gone
tanjiro
light
chopper
dragon
nagui
smoker
ace
kirito
foxy
basil
natsu
luccenzo
karma
ciel
roger
sabo
rayleigh
naruto
boa hanckock
josph
saturo
 
Statistiques - réponses
Réponse % Correct
luffy
97%
nami
93%
sanji
48%
foxy
38%
shanks
38%
ace
34%
chopper
34%
baggy
31%
boa hanckock
31%
dragon
31%
rayleigh
31%
roger
31%
sabo
31%
smoker
31%
basil
14%
Aucun quiz correspondant
Distribution des résultats
% des personnes avec chaque résultat
Percentile par nombre de réponses
Votre historique - résultats
Vous n’avez pas pris ce quiz